[Event "DEN-chT 0001"]
[Site "Denmark"]
[Date "2000.11.05"]
[Round "1"]
[White "Sorensen, Jan"]
[Black "Holst, Allan"]
[Result "1-0"]
[WhiteElo "2399"]
[BlackElo "2394"]
[PlyCount "81"]
[EventDate "2000.??.??"]
[EventType "team-tourn"]
[EventRounds "7"]
[EventCountry "DEN"]
[SourceTitle "EXT 2002"]
[Source "ChessBase"]
[SourceDate "2001.11.25"]
[SourceVersion "1"]
[SourceVersionDate "2001.11.25"]
[SourceQuality "1"]
[WhiteTeam "Skolerne"]
[BlackTeam "Copenhagen 68"]
[WhiteTeamCountry "DEN"]
[BlackTeamCountry "DEN"]

1. e4 e6 2. d4 d5 3. Nd2 c5 4. exd5 exd5 5. Bb5+ Nc6 6. Ngf3 cxd4 7. 0-0 Bd6 8. Nb3 Nge7 9. Nbxd4 0-0 10. Be3 Bg4 11. Be2 a6 12. c3 Qc7 13. h3 Bd7 14. Bd3 Ng6 15. Qc2 Rfe8 16. Rad1 Rac8 17. Rfe1 Bf4 18. Bxf4 Qxf4 19. Bf5 Bxf5 20. Qxf5 Qd6 21. Ng5 Rxe1+ 22. Rxe1 Rf8 23. Ngf3 Rd8 24. g3 h6 25. Kg2 Nge7 26. Qd3 Qf6 27. Qe3 Kf8 28. Nb3 Nc8 29. Nc5 Nd6 30. Qd3 Ne7 31. Ne5 Qf5 32. Qxf5 Nexf5 33. Ned7+ Kg8 34. Re5 d4 35. cxd4 g6 36. Rd5 Kg7 37. g4 b6 38. gxf5 Nxf5 39. Nxb6 Rxd5 40. Nxd5 Nxd4 41. Nxa6 1-0

[Event "Aars get2net Cup GM"]
[Site "Aars"]
[Date "1999.10.23"]
[Round "8"]
[White "Nielsen, Peter Heine"]
[Black "Holst, Allan"]
[Result "1-0"]
[WhiteElo "2560"]
[BlackElo "2406"]
[PlyCount "79"]
[EventDate "1999.10.18"]
[EventType "tourn"]
[EventRounds "9"]
[EventCountry "DEN"]
[EventCategory "9"]
[SourceTitle "CBM 074"]
[Source "ChessBase"]
[SourceDate "2000.02.01"]
[SourceVersion "1"]
[SourceVersionDate "2000.02.01"]
[SourceQuality "1"]

1. d4 e6 2. e4 d5 3. Nc3 Nf6 4. e5 Nfd7 5. f4 c5 6. Nf3 Nc6 7. Be3 cxd4 8. Nxd4 Bc5 9. Qd2 Bxd4 10. Bxd4 Nxd4 11. Qxd4 Qb6 12. Qd2 Qxb2 13. Rb1 Qa3 14. Nb5 Qc5 15. Nd6+ Ke7 16. Rb5 Qa3 17. c4 d4 18. Rb3 Qc5 19. Ne4 Qc6 20. Qb4+ Kd8 21. Bd3 Rf8 22. 0-0 b6 23. Nd6 Nc5 24. Be4 Nxe4 25. Nxe4 Rg8 26. Nd6 Qc5 27. Qa4 Kc7 28. Rb5 Qc6 29. c5 Bb7 30. Rf2 a6 31. Rb4 b5 32. Qd1 d3 33. Qxd3 Qxc5 34. Rd4 Qc1+ 35. Rf1 Qc5 36. Qe3 Bc6 37. Rc1 Qb6 38. a4 Rac8 39. Nxc8 Rxc8 40. Rd7+ 1-0